Nicknames Used by Donald Trump - Statistics

General Stats
  • This quiz has been taken 77 times
  • The average score is 5 of 19
Answer Stats
Hint Answer % Correct
Joe Biden Sleepy Joe
94%
Hillary Clinton Crooked Hillary
60%
COVID-19 Kung Flu
51%
Kim Jong-Un Rocket Man
48%
Ted Cruz Lyin' Ted
40%
Marco Rubio Little Marco
37%
Jeb Bush Low Energy Jeb
32%
Nancy Pelosi Crazy Nancy
25%
Elizabeth Warren Pocahontas
22%
Michael Bloomberg Mini Mike
19%
Chuck Schumer Cryin' Chuck
17%
Bill Clinton Wild Bill
13%
Alexandria Ocasio-Cortez Evita
11%
Maxine Waters Low-IQ Maxine Waters
11%
Steve Bannon Sloppy Steve
11%
Barack Obama Cheatin' Obama
10%
Kamala Harris Nasty Kamala
10%
Chris Cuomo Fredo
8%
Beto O'Rourke Dummy Beto
5%
No matching quizzes found
Score Distribution
Percent of People with Each Score
Percentile by Number Answered
Your Score History
You have not taken this quiz